<?xml version="1.0" encoding="UTF-8"?>
<collection xmlns="http://www.loc.gov/MARC21/slim">
 <record>
  <leader>02621cam a2200289 7i4500</leader>
  <controlfield tag="001">0000054762</controlfield>
  <controlfield tag="005">20230718090000.0</controlfield>
  <controlfield tag="008">180823  Eng</controlfield>
  <datafield tag="040" ind1=" " ind2=" ">
   <subfield code="a">TSAM Library</subfield>
  </datafield>
  <datafield tag="090" ind1="0" ind2="0">
   <subfield code="a">TJ145 </subfield>
   <subfield code="b">IAMM 2018</subfield>
  </datafield>
  <datafield tag="100" ind1="1" ind2="1">
   <subfield code="a">Ammar, Ahmad Abbasi </subfield>
  </datafield>
  <datafield tag="245" ind1="1" ind2="0">
   <subfield code="a">Issues Contractor's Face in The Construction Industry of Islamabad and Rawalpindi (Pakistan)  </subfield>
   <subfield code="c">Ammar Ahmed Abbasi.</subfield>
  </datafield>
  <datafield tag="264" ind1=" " ind2="0">
   <subfield code="a">Nilai: </subfield>
   <subfield code="b">INTI International University, </subfield>
   <subfield code="c">January 2018.</subfield>
  </datafield>
  <datafield tag="264" ind1=" " ind2="1">
   <subfield code="a">♭2018.</subfield>
  </datafield>
  <datafield tag="300" ind1=" " ind2=" ">
   <subfield code="a">xi, 88: </subfield>
   <subfield code="b">ill.; </subfield>
   <subfield code="c">30 cm.</subfield>
  </datafield>
  <datafield tag="336" ind1=" " ind2=" ">
   <subfield code="a">text</subfield>
   <subfield code="2">rdacontent</subfield>
  </datafield>
  <datafield tag="337" ind1=" " ind2=" ">
   <subfield code="a">unmediated</subfield>
   <subfield code="2">rdamedia</subfield>
  </datafield>
  <datafield tag="338" ind1=" " ind2=" ">
   <subfield code="a">volume</subfield>
   <subfield code="2">rdacarrier</subfield>
  </datafield>
  <datafield tag="500" ind1="0" ind2="0">
   <subfield code="a">BCEGI 54</subfield>
  </datafield>
  <datafield tag="500" ind1="0" ind2="0">
   <subfield code="a">BEng (Hons) in Civil Engineering Jannuary 2018</subfield>
  </datafield>
  <datafield tag="501" ind1="0" ind2="0">
   <subfield code="a">The main purpose of this study was to identify common problems that a contractor faces in the construction industry of Islamabad/Rawalpindi and to recommend solution to those problems.The methodology of this study is divided into four main stages. The first stage was to narrow down some of the most common problems that contractors generally face. Extensive literature was reviewed and based on that, problems specific to contractors were identified. The second stage involved designing a questionnaire to record responses of individuals amongst the key sectors of construction industry. To achieve this precisely, the questionnaire was divided into four main segments: The first segment aimed at attaining respondent?s background information, the second and third segment consisted of close-ended questions aimed at understanding key problems facing contractors and recommending potential solutions to those problems. The fourth section comprised of open-ended questions to record opinions, suggestions and personal experiences in facing and overcoming problems. The third stage comprised of conducting interviews from individuals who have been working in Islamabad and Rawalpindi for well over 10 years. The fourth stage was to analyse the responses and based on analysis the author narrowed down main problems that a contractor faces. The last part consisted of recommending solutions to the problems found through analysis</subfield>
  </datafield>
  <datafield tag="501" ind1="0" ind2="0">
   <subfield code="a">Folder-FEQS-Civil 2018</subfield>
  </datafield>
  <datafield tag="502" ind1="0" ind2="0">
   <subfield code="a">Being a project report submitted to INTI International University as a requirements for Bachelor Of Engineering (Hons) in Civil Engineering January 2018 under the managment and supervision of Faculty of Engineering &amp; Quantity Surveying, INTI International University</subfield>
  </datafield>
  <datafield tag="650" ind1="0" ind2="0">
   <subfield code="a">Dissertations, academic -- </subfield>
   <subfield code="x">Engineering </subfield>
  </datafield>
  <datafield tag="650" ind1="0" ind2="0">
   <subfield code="a">Civil Engineering </subfield>
  </datafield>
  <datafield tag="650" ind1="0" ind2="0">
   <subfield code="a">BCEGI </subfield>
  </datafield>
  <datafield tag="856" ind1=" " ind2=" ">
   <subfield code="u">http://intilib.intimal.edu.my/equip-intin/custom/home.jsp</subfield>
  </datafield>
 </record>
</collection>
